Antropología e identidades en Centroamérica. Parte 1: Hacer antropología en Centroamérica /
Збережено в:
| Автор: | |
|---|---|
| Співавтор: | |
| Інші автори: | |
| Формат: | Текст |
| Опубліковано: |
San José:
UCR
|
| Теги: |
Додати тег
Немає тегів, Будьте першим, хто поставить тег для цього запису!
|
MARC
| LEADER | 00000 a a2200000 04500 | ||
|---|---|---|---|
| 001 | 25860 | ||
| 003 | |||
| 040 | |||
| 090 | |a 173504 | ||
| 100 | |a Murillo Chaverri, Carmen | ||
| 110 | |a Universidad de Costa Rica. Facultad de Ciencias Sociales. Escuela de Antropología y Sociología. Departamento de Antropología. Laboratorio de Etnología | ||
| 245 | |a Antropología e identidades en Centroamérica. Parte 1: Hacer antropología en Centroamérica / |c Carmen Murillo Chaverri | ||
| 260 | |a San José: |b UCR | ||
| 300 | |a 280 p | ||
| 700 | |a ed. | ||
| 999 | |c 16534 |d 16534 | ||
